| 000 | 00541nam a22001937a 4500 | ||
|---|---|---|---|
| 003 | KOHA_MİRAKIL | ||
| 005 | 20250416125359.0 | ||
| 008 | 250416b tu ||||| |||| 00| 0 tur d | ||
| 020 | _a9789750747779 | ||
| 040 |
_aTR-AnABB _btur _cTR-AnABB |
||
| 041 | _atur | ||
| 082 |
_a833.914 _bERP 2024 |
||
| 100 | 1 | _aErpenbeck, Jenny, | |
| 245 | 1 | 0 |
_aBütün günlerin akşamı / _cJenny Erpenbeck |
| 260 |
_aİstanbul : _bCan Yayınları, _c2024 |
||
| 300 |
_a267 sayfa ; _c19 cm |
||
| 650 | 0 | 4 | _aAlman edebiyatı, roman |
| 942 |
_2ddc _cBK |
||
| 999 |
_c8708 _d8708 |
||
| 900 | _bGizem YORULMAZ | ||